<?xml version="1.0" encoding="UTF-8"?>
<record
    xmlns:xsi="http://www.w3.org/2001/XMLSchema-instance"
    xsi:schemaLocation="http://www.loc.gov/MARC21/slim http://www.loc.gov/standards/marcxml/schema/MARC21slim.xsd"
    xmlns="http://www.loc.gov/MARC21/slim">

  <leader>00642nam a2200181Ia 4500</leader>
  <controlfield tag="008">151202s9999||||xx |||||||||||||| ||und||</controlfield>
  <datafield tag="082" ind1=" " ind2=" ">
    <subfield code="b">PNVM-80957</subfield>
  </datafield>
  <datafield tag="100" ind1=" " ind2=" ">
    <subfield code="a">---</subfield>
  </datafield>
  <datafield tag="245" ind1=" " ind2=" ">
    <subfield code="a">&#x92D;&#x93E;&#x917;&#x935;&#x924; &#x90F;&#x915;&#x928;&#x93E;&#x925;&#x940; &#x938;&#x93E;&#x930;&#x94D;&#x925; &#x935; &#x938;&#x91F;&#x940;&#x92A; &#x92E;&#x930;&#x93E;&#x920;&#x940;.</subfield>
  </datafield>
  <datafield tag="260" ind1=" " ind2=" ">
    <subfield code="b">&#x936;&#x94D;&#x930;&#x940; &#x90F;&#x915;&#x928;&#x93E;&#x925; &#x92E;&#x902;&#x921;&#x933; &#x938;&#x93E;&#x924;&#x93E;&#x930;&#x93E;.</subfield>
  </datafield>
  <datafield tag="260" ind1=" " ind2=" ">
    <subfield code="c">1973</subfield>
  </datafield>
  <datafield tag="300" ind1=" " ind2=" ">
    <subfield code="a">894</subfield>
  </datafield>
  <datafield tag="600" ind1=" " ind2=" ">
    <subfield code="a">---</subfield>
  </datafield>
  <datafield tag="630" ind1=" " ind2=" ">
    <subfield code="a">&#x92D;&#x93E;&#x917;&#x935;&#x924; &#x90F;&#x915;&#x928;&#x93E;&#x925;&#x940; &#x938;&#x93E;&#x930;&#x94D;&#x925; &#x935; &#x938;&#x91F;&#x940;&#x92A; &#x92E;&#x930;&#x93E;&#x920;&#x940;.</subfield>
  </datafield>
  <datafield tag="700" ind1=" " ind2=" ">
    <subfield code="a">---</subfield>
  </datafield>
  <datafield tag="730" ind1=" " ind2=" ">
    <subfield code="a">&#x92D;&#x93E;&#x917;&#x935;&#x924; &#x90F;&#x915;&#x928;&#x93E;&#x925;&#x940; &#x938;&#x93E;&#x930;&#x94D;&#x925; &#x935; &#x938;&#x91F;&#x940;&#x92A; &#x92E;&#x930;&#x93E;&#x920;&#x940;.</subfield>
  </datafield>
  <datafield tag="942" ind1=" " ind2=" ">
    <subfield code="c">BOOK</subfield>
  </datafield>
  <datafield tag="999" ind1=" " ind2=" ">
    <subfield code="c">1345565</subfield>
    <subfield code="d">1345562</subfield>
  </datafield>
  <datafield tag="952" ind1=" " ind2=" ">
    <subfield code="0">0</subfield>
    <subfield code="1">0</subfield>
    <subfield code="4">0</subfield>
    <subfield code="7">0</subfield>
    <subfield code="a">PNVM</subfield>
    <subfield code="b">PNVM</subfield>
    <subfield code="d">2015-06-21</subfield>
    <subfield code="g">0.00</subfield>
    <subfield code="l">0</subfield>
    <subfield code="o">PNVM-80957</subfield>
    <subfield code="p">PNVM-80957</subfield>
    <subfield code="r">2015-12-02 00:00:00</subfield>
    <subfield code="v">0.00</subfield>
    <subfield code="w">2015-12-02</subfield>
    <subfield code="y">BOOK</subfield>
  </datafield>
</record>
